Central Library OPAC University of Rajshahi

Archaeology and natural resources of Natal. (Record no. 29721)

MARC details
000 -LEADER
fixed length control field 00972nam a22002771 4500
001 - CONTROL NUMBER
control field 29721
003 - CONTROL NUMBER IDENTIFIER
rucl marc code BD-RjUL
005 - DATE AND TIME OF LATEST TRANSACTION
control field 20211209051441.0
008 - FIXED-LENGTH DATA ELEMENTS--GENERAL INFORMATION
fixed length control field 140407s1951 sa ab 000 0 eng
035 ## - SYSTEM CONTROL NUMBER
System control number (BD-RjUL)29806
System control number (OCoLC)4985938
040 ## - CATALOGING SOURCE
Original cataloging agency DLC
Transcribing agency MNS
Modifying agency MNS
-- DLC
-- BD-RjUL
Language of cataloging eng
041 ## - LANGUAGE CODE
Language code of text/sound track or separate title eng
082 00 - DEWEY DECIMAL CLASSIFICATION NUMBER
Classification number 309.1684
Author mark and year UNA 1951
110 2# - MAIN ENTRY--CORPORATE NAME
Corporate name or jurisdiction name as entry element University of Natal.
Subordinate unit Department of Economics.
9 (RLIN) 90497
245 10 - TITLE STATEMENT
Title Archaeology and natural resources of Natal.
260 ## - PUBLICATION, DISTRIBUTION, ETC. (IMPRINT)
Place of publication, distribution, etc. Cape Town ;
-- New York :
Name of publisher, distributor, etc. Published for the University of Natal by Oxford University Press,
Date of publication, distribution, etc. 1951.
300 ## - PHYSICAL DESCRIPTION
Pagination xi, 140 p. :
Illustrations illus., maps (part fold.) tables. ;
Size 22 cm.
490 #0 - SERIES STATEMENT
Series statement Natal regional survey,
Volume/sequential designation v. 1
504 ## - BIBLIOGRAPHY, ETC. NOTE
Bibliography, etc Bibliographical footnotes.
650 #0 - SUBJECT ADDED ENTRY--TOPICAL TERM
Topical term or geographic name as entry element Natural resources
Geographic subdivision South Africa
-- KwaZulu-Natal.
9 (RLIN) 90498
651 #0 - SUBJECT ADDED ENTRY--GEOGRAPHIC NAME
Geographic name KwaZulu-Natal (South Africa)
General subdivision Antiquities.
9 (RLIN) 90499
942 ## - ADDED ENTRY ELEMENTS (KOHA)
Source of classification or shelving scheme Dewey Decimal Classification
Koha item type Books
Holdings
Lost status Source of classification or shelving scheme Damaged status Not for loan Collection code Permanent Location Current Location Shelving location Date acquired Source of acquisition Cost, normal purchase price Total Checkouts Full call number Date last seen Copy number Koha item type
  Dewey Decimal Classification   Added to bundle Non-fiction Central Library, University of Rajshahi Central Library, University of Rajshahi Reading Room 01/08/1955 O. U. P. 15.00   309.1684 UNA 1951 07/04/2014 C-1 Books